Agricultural potential of the sweet potato (ipomoea batatas L. (Lam.)) for forage production and sweet patato vines as a feed for growing goats

محفوظ في:
التفاصيل البيبلوغرافية
المؤلف الرئيسي: Vo, Lam
التنسيق: كتاب
اللغة:Undetermined
منشور في: Swedish Swedish Universitynof Agricultural Sciences Department of Animal Nutrition and Management 2003
الموضوعات:
الوسوم: إضافة وسم
لا توجد وسوم, كن أول من يضع وسما على هذه التسجيلة!
Thư viện lưu trữ: Trung tâm Học liệu Trường Đại học Cần Thơ
LEADER 00661nam a2200193Ia 4500
001 CTU_122505
008 210402s9999 xx 000 0 und d
082 |a 636.3908955 
082 |b L120 
100 |a Vo, Lam 
245 0 |a Agricultural potential of the sweet potato (ipomoea batatas L. (Lam.)) for forage production and sweet patato vines as a feed for growing goats 
245 0 |c Vo Lam 
260 |a Swedish 
260 |b Swedish Universitynof Agricultural Sciences Department of Animal Nutrition and Management 
260 |c 2003 
650 |a Goats 
650 |x Feeding 
904 |i M.Loan 
980 |a Trung tâm Học liệu Trường Đại học Cần Thơ